000 00787nam a2200241Ia 4500
003 GCL
008 140319s9999 xx 000 0 ara d
040 _aGCL /
_cGCL
082 0 4 _a621.3
_bم س
100 1 _aمحمود سرى طه
245 1 0 _aس و ج فى قضايا الطاقة والكهرباء /
_cمحمود سرى طه
300 _a100 ص
490 _aالهيئة العامة للاستعلامات
_v0
650 0 4 _aالكهرباء
650 0 4 _aالتكنولوجيا
650 0 4 _aالطاقة الكهربائية
650 0 4 _aالطاقة
650 0 4 _aالطاقة الشمسية
650 0 4 _aالتوليد الكهربائى
650 0 4 _aالمضخات الحرارية
650 0 4 _aقضايا الطاقة والكهرباء
942 _2ddc
_cBK
999 _c48598
_d48598